000 01269nam a22002897a 4500
001 2825
003 FISKH
005 20240116122600.0
008 240116b cb ||||| |||| 00| 0 eng d
020 _a078073003990
040 _aFISKH
_beng
_cFISKH
_dFISKH
050 _aPZ7.P4445
082 _a813.54
100 _aPeterson, John
245 _aThe littles go exploring /
_cby John Peterson ; Pictures by Roberta Carter Clark ; Cover illustration by Jacqueline Rogers
260 _aNew York :
_bScholastic,
_c1978
300 _a94 pages :
_billustrations ;
_c20 cm
505 _aH
520 _aYears ago, Grandpa Little set off to explore and was never seen again and the mystery of his disappearance was never solved. But now, Lucy and Tom have stumbled across a secret room where Grandpa kept many papers and maps. And they think they can figure out the path he took into the wilderness the last time he set out on an expedition! The family packs up and heads upstream.
521 8 _a440
_bLexile
521 8 _aH
_bRaz-Plus
650 _aFantasy
_vJuvenile Literature
650 _aAdventure
_vJuvenile Literature
700 _aClark, Roberta Carter
_ePictures by
700 _aRogers, Jacqueline
_eillustrator
942 _2ddc
_cBK
_n0
999 _c2825
_d2825